North American Animals - Statistics

General Stats
  • This quiz has been taken 123 times
  • The average score is 19 of 31
Answer Stats
Hint Animal % Correct
National bird of the United States Bald Eagle
97%
Largest cervine with antlers Moose
95%
Nature's dam builder Beaver
94%
Night-time bandit Raccoon
90%
Powerful predator with a love for salmon Grizzly Bear
89%
Wily canine that howls at night and adapts to cities Coyote
86%
Short-tailed wildcat Bobcat
84%
Canine with a flame-colored fur and a bushy tail Red Fox
84%
Freshwater swamp dweller with a toothy grin Alligator
83%
Armored mammal that rolls into a ball for defense Armadillo
83%
Also known as a cougar or a puma Mountain Lion
83%
Fast-running bird famous in cartoons Roadrunner
82%
Heaviest land animal in North America American Bison
77%
Small mammal with a big stink defense Skunk
73%
Vibrating tail warns predators, venomous bite Rattlesnake
67%
Sleek swimmer with playful behavior North American River Otter
65%
The only North American marsupial Opossum
59%
Drills into trees with its beak Woodpecker
58%
Large predator found in forests, can be black or brown American Black Bear
55%
Pack hunter with a haunting howl Grey Wolf
55%
Dome-shaped shell, retracts fully into it Eastern Box Turtle
49%
"Sea cow" that grazes underwater, gentle and slow Manatee
49%
Dives from the air to catch fish in its throat pouch Brown Pelican
44%
Both sexes have antlers and migrate in massive herds Caribou/Reindeer
42%
One of few venomous lizards, sluggish but lethal Gila Monster
36%
Lives in underground colonies and makes barking sounds Prairie Dog
35%
Long ears for heat control, very fast runner Jackrabbit
30%
Tufted ears and haunting hoots Great Horned Owl
24%
Winter white, summer brown, big feet for snow travel Snowshoe Hare
22%
Tiny mountain dweller that stores flowers American Pika
10%
Shiny blue insect with one of the most painful stings Tarantula Hawk Wasp
10%
No matching quizzes found
Score Distribution
Percent of People with Each Score
Percentile by Number Answered
Your Score History
You have not taken this quiz